000 00298nam a2200121Ia 4500
008 190216s9999||||xx |||||||||||||| ||und||
100 _aMusthafa Kamal Pasha
245 0 _aMuhamed Nabi Jeeva Charithram
260 _bHikayath Book Stall
300 _a315
650 _aIslamic History
942 _cBK
999 _c22656
_d22656